Majstrovský list. Řídit prodej znamená produkovat výsledky.

Systém a metóda predajcov orientovaných na zákazníka. Delenie trhu z hľadiska organizácie predaja na teritórium geografické, zákaznícke, sortimentálne. Vypracovanie predajného plánu. Predajný plán ako podklad pre meranie výkonnosti. Odmeňovanie jednotlivých predajcov, základná odmena, pobádacia zlož...

ver descrição completa

Na minha lista:
Detalhes bibliográficos
Autor principal: Bureš, I.
Formato: Capítulo de Livro
Idioma:tcheco
Assuntos:
Tags: Adicionar Tag
Sem tags, seja o primeiro a adicionar uma tag!

MARC

LEADER 00000naa a2200000 4500
001 r012914
005 20221213090159.3
041 0 |a cze 
044 |a SK 
245 1 0 |a Majstrovský list.  |b Řídit prodej znamená produkovat výsledky.  |c I. Bureš 
520 |a Systém a metóda predajcov orientovaných na zákazníka. Delenie trhu z hľadiska organizácie predaja na teritórium geografické, zákaznícke, sortimentálne. Vypracovanie predajného plánu. Predajný plán ako podklad pre meranie výkonnosti. Odmeňovanie jednotlivých predajcov, základná odmena, pobádacia zložka odmeny. Dôležitosť relatívnej, nie absolútnej výšky príjmov. 
610 2 0 |a predaj 
610 2 0 |a zákazníci 
610 2 0 |a predajcovia 
610 2 0 |a trh 
610 2 0 |a regióny 
610 2 0 |a sortiment 
610 2 0 |a výkony pracovné 
610 2 0 |a odmeňovanie 
100 1 |a Bureš, I.